Código general del proceso. (Registro nro. 32549)

Detalles MARC
000 -LEADER
fixed length control field 01027cam a2200277 a 4500
005 - DATE AND TIME OF LATEST TRANSACTION
control field 20250429225606.0
008 - FIXED-LENGTH DATA ELEMENTS--GENERAL INFORMATION
fixed length control field 180528s2018 ck grl 001 0 spa
020 ## - INTERNATIONAL STANDARD BOOK NUMBER
International Standard Book Number 9789587676600
040 ## - CATALOGING SOURCE
Original cataloging agency CO-CtgCURN
Language of cataloging spa
Transcribing agency coctgcurn
082 04 - DEWEY DECIMAL CLASSIFICATION NUMBER
Classification number 347.86105
Item number C718 2018
Edition information 23
110 1# - MAIN ENTRY--CORPORATE NAME
Corporate name or jurisdiction name as entry element Colombia.
240 10 - UNIFORM TITLE
Uniform title Código general del proceso
245 10 - TITLE STATEMENT
Title Código general del proceso.
250 ## - EDITION STATEMENT
Edition statement Quinta edicion.
260 ## - PUBLICATION, DISTRIBUTION, ETC.
Place of publication, distribution, etc. [Bogotá] :
Name of publisher, distributor, etc. Legis,
Date of publication, distribution, etc. 2018.
260 ## - PUBLICATION, DISTRIBUTION, ETC.
Date of publication, distribution, etc. 2018.
300 ## - PHYSICAL DESCRIPTION
Extent xxiv, 260 paginas ;
Dimensions 23 cm.
490 0# - SERIES STATEMENT
Series statement Colección universitaria
500 ## - GENERAL NOTE
General note Incluye índice alfabético.
500 ## - GENERAL NOTE
General note "Incluye: Ayudas prácticas -- Concordancias -- Índices que facilitan la consulta -- Clave ingreso para APP -- Señaladores a color"--Cubierta.
596 ## -
-- 7
650 14 - SUBJECT ADDED ENTRY--TOPICAL TERM
Topical term or geographic name entry element Procedimiento civil
General subdivision Legislación
Geographic subdivision Colombia.
650 24 - SUBJECT ADDED ENTRY--TOPICAL TERM
Topical term or geographic name entry element Derecho procesal
General subdivision Legislación
Geographic subdivision Colombia.
942 ## - ADDED ENTRY ELEMENTS (KOHA)
Koha item type Libros
Classification part 347.86105
Item part C718 2018
Source of classification or shelving scheme Dewey Decimal Classification
Existencias
Withdrawn status Lost status Source of classification or shelving scheme Damaged status Not for loan Collection Home library Current library Shelving location Date acquired Inventory number Total checkouts Full call number Barcode Date due Date last seen Date last checked out Copy number Price effective from Koha item type Public note
    Dewey Decimal Classification     General Miguel Henríquez Castañeda Miguel Henríquez Castañeda General 01/30/2020 003092 11 347.86105 C718 2018 003092 04/25/2026 04/17/2026 04/17/2026 ej.1 04/29/2025 Libros 340-DEREC